LEADER 01232cam0-22004091i-450 001 990003511820403321 005 20220902104640.0 035 $a000351182 035 $aFED01000351182 035 $a(Aleph)000351182FED01 035 $a000351182 100 $a20000920d1980----km-y0itay50------ba 101 0 $aita 102 $aIT 105 $aa-------001yy 200 1 $a<>epidemie nella storia demografica italiana$esecoli 14.-19.$fLorenzo Del Panta 210 $aTorino$bLoescher$d1980 215 $a248 p.$cill.$d20 cm 225 1 $aLoescher università$iMonografie 451 0$1001990006801080403321 610 0 $aEpidemie$aItalia$aSec. 14.-19.$aStudi 610 0 $aDemografia$aItalia$aSec. 14.-19.$aStudi 676 $a304.620945$v21$zita 676 $a362.1042$v21$zita 700 1$aDel Panta,$bLorenzo$f<1944- >$0103943 801 0$aIT$bUNINA$gRICA$2UNIMARC 901 $aBK 912 $a990003511820403321 952 $aSE090.06.35-$b2449$fDECSE 952 $a304.62 DEL 1$bST.MED.MOD. 9778$fFLFBC 952 $aXI A 1435$b687$fFSPBC 959 $aDECSE 959 $aFLFBC 959 $aFSPBC 996 $aEpidemie nella storia demografica italiana$9497683 997 $aUNINA DB $aGEN01 LEADER 01039nam a2200277 i 4500 001 991000680859707536 005 20250331111346.0 008 961015s1959 us ||| | eng 020 $a0471758345 035 $ab10742359-39ule_inst 035 $aLE01300629$9ExL 040 $aBibl. Dip.le Aggr. Matematica e Fisica - Sez. Matematica 082 0 $a519.5352 084 $aAMS 62J10 100 1 $aScheffé, Henry$0381956 245 14$aThe analysis of variance /$cHenry Scheffé 260 $aNew York :$bJ. Wiley & Sons,$c1959 300 $axvi, 477 p. ;$c23 cm 490 0 $aWiley series in probability and mathematical statistics.$aProbability and mathematical statistics,$x0271-6232 650 0$aAnalysis of variance 907 $a.b10742359$b23-02-17$c28-06-02 912 $a991000680859707536 945 $aLE013 62J SCH11 (1959)$g1$i2013000063454$lle013$o-$pE0.00$q-$rl$s-$t0$u0$v0$w0$x0$y.i10833766$z28-06-02 996 $aAnalysis of variance$9340613 997 $aUNISALENTO 998 $ale013$b01-01-96$cm$da$e-$feng$gus$h4$i1